Сборник заданий по высшей математике (Запись № 30332)
[ простой вид ]
| 000 -МАРКЕР | |
|---|---|
| контрольное поле | 00730nam a2200217 c 4500 |
| 001 - КОНТРОЛЬНЫЙ НОМЕР ЗАПИСИ | |
| контрольное поле | 000030332 |
| 003 - ПРИНАДЛЕЖНОСТЬ КОНТРОЛЬНОГО НОМЕРА | |
| контрольное поле | RuMoIPM |
| 005 - ДАТА И ВРЕМЯ ПОСЛЕДНЕЙ ТРАНЗАКЦИИ | |
| контрольное поле | 20260416124808.0 |
| 008 - ЭЛЕМЕНТЫ ДАННЫХ ФИКСИРОВАННОЙ ДЛИНЫ | |
| контрольное поле | 220407s1983 ru ||||| |||| 00| 0 rus d |
| 035 ## - КОНТРОЛЬНЫЙ НОМЕР СИСТЕМЫ | |
| контрольный номер системы | (RuMoBEN) 001631041 |
| 040 ## - ОРГАНИЗАЦИЯ-СОЗДАТЕЛЬ ЗАПИСИ | |
| организация-создатель исходной библиографической записи | RuMoBEN |
| язык каталогизации | rus |
| правила каталогизации | rcr |
| 041 ## - КОД ЯЗЫКА | |
| код языка текста | Русский |
| 044 ## - КОД СТРАНЫ ПУБЛИКАЦИИ/ИЗГОТОВЛЕНИЯ | |
| MARC код страны публикации/изготовления | Российская Федерация |
| 080 ## - ИНДЕКС УНИВЕРСАЛЬНОЙ ДЕСЯТИЧНОЙ КЛАССИФИКАЦИИ | |
| индекс Универсальной десятичной классификации | 51(07) |
| 100 ## - ИМЯ ЛИЦА КАК ОСНОВНОЙ ПОИСКОВЫЙ ПРИЗНАК | |
| имя лица | Кузнецов, Леонид Антонович |
| 245 ## - ОБЛАСТЬ ЗАГЛАВИЯ И СВЕДЕНИЙ ОБ ОТВЕТСТВЕННОСТИ | |
| заглавие | Сборник заданий по высшей математике |
| сведения, относящиеся к заглавию, и т. д | (типовые расчеты) : [учебное пособие для втузов] |
| сведения об ответственности и т. д | Л. А. Кузнецов |
| 260 ## - ОБЛАСТЬ ВЫХОДНЫХ ДАННЫХ | |
| место публикации, распространения, изготовления и т. д | Москва |
| издательство, издатель, распространитель и т. д | Высшая школа |
| дата издания, распространения и т. д | 1983 |
| 300 ## - ОБЛАСТЬ КОЛИЧЕСТВЕННОЙ ХАРАКТЕРИСТИКИ | |
| объём | 175 с. |
| 490 ## - ОБЛАСТЬ СЕРИИ | |
| область серии | Высшее образование |
| 942 ## - ДАННЫЕ О ЗАПИСИ (KOHA) | |
| Тип экземпляра (KOHA) | Книга |
| Статус выдачи | Библиотека держатель | Текущая библиотека | Местонахождение | Шифр хранения | Тип экземпляра |
|---|---|---|---|---|---|
| Институт прикладной математики им. М.В. Келдыша | Институт прикладной математики им. М.В. Келдыша | Миусская | 51 / К 89 | Книга |